|
|
|
|
| LEADER |
00000nam0a2200000 4500 |
| 001 |
205097 |
| 005 |
20231101225246.0 |
| 010 |
|
|
|a 9785160037677
|
| 035 |
|
|
|a (RuTPU)RU\TPU\book\223550
|
| 090 |
|
|
|a 205097
|
| 100 |
|
|
|a 20111207d2012 m y0rusy50 ca
|
| 101 |
0 |
|
|a rus
|
| 102 |
|
|
|a RU
|
| 105 |
|
|
|a a j 001zy
|
| 200 |
1 |
|
|a Интернет-технологии в экономике знаний
|e учебник
|f под ред. Н. М. Абдикеева
|
| 210 |
|
|
|a Москва
|c Инфра-М
|d 2012
|
| 215 |
|
|
|a 448 с.
|c ил.
|
| 225 |
1 |
|
|a Высшее образование
|
| 320 |
|
|
|a Библиография в конце глав.
|
| 330 |
|
|
|a Книга представляет собой системный взгляд на роль интернет-технологий в современном бизнесе. Рассматриваются следующие темы: корпоративные веб-сайты и порталы, электронный бизнес и электронный маркетинг, интернет-трейдинг, ИС с веб-интерфейсом, безопасность интернет-технологий. Особенное внимание уделяется экономическим аспектам. Книга предназначена для студентов, магистров вузов, аспирантов, слушателей программ МВА, преподавателей, ИТ-специалистов, бизнес-аналитиков и менеджеров компаний.
|
| 606 |
1 |
|
|a Бизнес в Интернет
|2 stltpush
|3 (RuTPU)RU\TPU\subj\28638
|9 52153
|
| 610 |
1 |
|
|a экономика
|
| 610 |
1 |
|
|a интернет-технологии
|
| 610 |
1 |
|
|a интернет-бизнес
|
| 610 |
1 |
|
|a информационные системы
|
| 610 |
1 |
|
|a электронный бизнес
|
| 610 |
1 |
|
|a электронный рынок
|
| 610 |
1 |
|
|a структура
|
| 610 |
1 |
|
|a корпоративные порталы
|
| 610 |
1 |
|
|a SharePoint Services
|
| 610 |
1 |
|
|a электронная коммерция
|
| 610 |
1 |
|
|a электронный маркетинг
|
| 610 |
1 |
|
|a маркетинговые информационные системы
|
| 610 |
1 |
|
|a CRM
|
| 610 |
1 |
|
|a CRM-маркетинг
|
| 610 |
1 |
|
|a интернет-трейдинг
|
| 610 |
1 |
|
|a сетевые технологии
|
| 610 |
1 |
|
|a реинжиниринг
|
| 610 |
1 |
|
|a географические информационные системы
|
| 610 |
1 |
|
|a интеллектуальные технологии
|
| 610 |
1 |
|
|a веб-сайты
|
| 610 |
1 |
|
|a информационная безопасность
|
| 610 |
1 |
|
|a учебники
|
| 686 |
|
|
|a У012.12я73
|v LBC/SL-A
|2 rubbk
|
| 702 |
|
1 |
|a Абдикеев
|b Н. М.
|4 340
|
| 801 |
|
1 |
|a RU
|b 63413507
|c 20111207
|
| 801 |
|
2 |
|a RU
|b 63413507
|c 20150505
|g RCR
|
| 900 |
|
|
|a Интернет-технологии
|
| 942 |
|
|
|c BK
|
| 951 |
|
|
|b 080100
|
| 959 |
|
|
|a 98/20111207
|d 2
|e 344,85
|f ЧЗТЛ:1
|f АНЛ:1
|